[Event "Guernsey Open 2012"]
[Site "?"]
[Date "2012.10.26"]
[Round "6"]
[White "Thurlow, Kevin J"]
[Black "Wismayer, Clive R"]
[Result "0-1"]
[WhiteElo "2025"]
[BlackElo "2099"]
[PlyCount "98"]
[EventDate "2012.10.21"]
[EventType "swiss"]
[SourceDate "2012.10.30"]

1. c4 b6 2. d4 e6 3. Nc3 Bb4 4. Bd2 Nf6 5. a3 Bxc3 6. Bxc3 O-O 7. Nf3 Bb7 8. e3
c5 9. Be2 cxd4 10. Qxd4 Nc6 11. Qh4 h6 12. Rd1 Ne8 13. Qg3 Rc8 14. O-O Qc7 15.
Ne5 Nxe5 16. Bxe5 Qd8 17. Rd2 f6 18. Bc3 Qc7 19. Qg6 a5 20. Rfd1 Rf7 21. Bd3 f5
22. Be2 Nf6 23. f3 Bc6 24. Rd6 Ne8 25. R6d4 e5 26. Rh4 Rf6 27. Qg3 d6 28. f4
Qf7 29. Bh5 Qe7 30. fxe5 dxe5 31. Bxe5 Re6 32. Bd4 Nf6 33. Bxb6 Nxh5 34. Rxh5
Be8 35. Rxf5 Rxb6 36. Re5 Re6 37. Rxa5 Rxe3 38. Qf2 Rxc4 39. Rf5 Bg6 40. Rfd5
Re2 41. Qf3 Re1+ 42. Kf2 Rc2+ 43. R1d2 Rec1 44. Qb3 Rxd2+ 45. Rxd2+ Bf7 46.
Qb8+ Kh7 47. Re2 Qc5+ 48. Kg3 Qg5+ 49. Kf2 Bh5 0-1

[Event "Guernsey Open 2012"]
[Site "?"]
[Date "2012.10.26"]
[Round "6"]
[White "Bakker, Joop"]
[Black "Van Dijk, Bram"]
[Result "1-0"]
[WhiteElo "1982"]
[BlackElo "2083"]
[PlyCount "79"]
[EventDate "2012.10.21"]
[EventType "swiss"]
[SourceDate "2012.10.30"]

1. Nc3 g6 2. e4 Bg7 3. d4 c6 4. Nf3 d5 5. h3 Nf6 6. e5 Nfd7 7. e6 fxe6 8. Ng5
Nf6 9. Qe2 Qd6 10. g3 Nh5 11. Bd2 e5 12. dxe5 Qxe5 13. O-O-O O-O 14. Be3 Qf6
15. h4 e5 16. Bc5 Re8 17. Nce4 dxe4 18. Qc4+ Be6 19. Nxe6 Rxe6 20. Bh3 Bh6+ 21.
Kb1 Ng7 22. Rd6 Kf7 23. Bxe6+ Nxe6 24. Rhd1 b5 25. Qb3 Bf8 26. Rxe6 Qxe6 27.
Qxe6+ Kxe6 28. Bxf8 a5 29. Rd8 Ra7 30. Rxb8 e3 31. fxe3 Rf7 32. Kc1 Kf5 33. Bh6
Kg4 34. Rf8 Rd7 35. Re8 Kxg3 36. Bg5 Kf2 37. Rxe5 Ke2 38. b3 a4 39. bxa4 bxa4
40. Ra5 1-0

[Event "Guernsey Open 2012"]
[Site "?"]
[Date "2012.10.26"]
[Round "6"]
[White "Morcom, Huw"]
[Black "Lewyk, Ihor"]
[Result "1/2-1/2"]
[WhiteElo "1958"]
[BlackElo "2079"]
[PlyCount "73"]
[EventDate "2012.10.21"]
[EventType "swiss"]
[SourceDate "2012.10.30"]

1. e4 d5 2. d4 dxe4 3. Nc3 Nf6 4. f3 e3 5. Bxe3 e6 6. Bd3 Bb4 7. Nge2 Nd5 8.
Bd2 Bxc3 9. bxc3 O-O 10. O-O Nd7 11. Kh1 b6 12. f4 f5 13. Ng1 N7f6 14. Qe2 Qd6
15. a3 c5 16. c4 Nc7 17. dxc5 bxc5 18. Nf3 Bb7 19. Rab1 Be4 20. Ng5 Bxd3 21.
cxd3 h6 22. Nf3 Rab8 23. Ne5 Na6 24. Bc3 Rxb1 25. Rxb1 Rb8 26. Rxb8+ Nxb8 27.
Qb2 Nbd7 28. h3 Nb6 29. Qb5 Nfd7 30. Qc6 Qxc6 31. Nxc6 a6 32. Nd8 Nf8 33. Be5
Na4 34. Kg1 Nd7 35. Bd6 Nb2 36. Nxe6 Nxd3 37. Kf1 1/2-1/2

[Event "Guernsey Open 2012"]
[Site "?"]
[Date "2012.10.26"]
[Round "6"]
[White "Finke, Maurice"]
[Black "Lenier, Jude"]
[Result "0-1"]
[WhiteElo "1910"]
[BlackElo "2046"]
[PlyCount "100"]
[EventDate "2012.10.21"]
[EventType "swiss"]
[SourceDate "2012.10.30"]

1. d4 Nf6 2. c4 g6 3. Nc3 Bg7 4. e4 d6 5. Nf3 O-O 6. Be2 e5 7. O-O Nc6 8. d5
Ne7 9. Ne1 Nd7 10. Nd3 f5 11. Bd2 Nf6 12. f3 f4 13. Rc1 g5 14. c5 a6 15. Na4 h5
16. Qe1 Rb8 17. cxd6 cxd6 18. Ba5 b6 19. Nxb6 Rxb6 20. Qf2 Nd7 21. Rc6 Nxc6 22.
dxc6 Nc5 23. Nxc5 dxc5 24. Qxc5 Rxc6 25. Bc4+ Kh7 26. Qxc6 Qxa5 27. Rd1 Rd8 28.
Rxd8 Qxd8 29. Bf7 Bf6 30. Bxh5 Qd1+ 31. Kf2 Qd4+ 32. Kf1 Bd7 33. Qxa6 Qxb2 34.
Kg1 Qb1+ 35. Qf1 Qb6+ 36. Qf2 Qb1+ 37. Qf1 Qxa2 38. h3 Be7 39. Qc1 Qa7+ 40. Kh2
Qd4 41. Qf1 Bc5 42. h4 gxh4 43. Bf7 Kh6 44. Bc4 Bc8 45. Ba6 Qg1+ 46. Qxg1 Bxg1+
47. Kxg1 Bxa6 48. Kh2 Kg5 49. Kg1 h3 50. gxh3 Kh4 0-1

[Event "Guernsey Open 2012"]
[Site "?"]
[Date "2012.10.26"]
[Round "6"]
[White "Hamperl, Fred"]
[Black "Spanton, Timothy R"]
[Result "1-0"]
[WhiteElo "2130"]
[BlackElo "1994"]
[PlyCount "78"]
[EventDate "2012.10.21"]
[EventType "swiss"]
[SourceDate "2012.10.30"]

1. e4 e5 2. Nf3 Nc6 3. d4 exd4 4. Nxd4 Bc5 5. Be3 Qf6 6. c3 Nge7 7. Bc4 O-O 8.
O-O d6 9. f4 Be6 10. Bxe6 fxe6 11. Qd3 Rad8 12. Nd2 Bb6 13. Rae1 Nxd4 14. cxd4
Nc6 15. Nf3 Qg6 16. d5 exd5 17. Qxd5+ Qf7 18. Ng5 Bxe3+ 19. Rxe3 Qxd5 20. exd5
Nb4 21. Ne6 Nxd5 22. Rb3 Rde8 23. Nxf8 Rxf8 24. g3 b6 25. Re1 Kf7 26. Kg2 a5
27. a3 a4 28. Rd3 c6 29. Rc1 Re8 30. Kf3 Ne7 31. Rxd6 Nf5 32. Rd7+ Ke6 33. Rd3
Ne7 34. Re1+ Kf6 35. Rd6+ Kf7 36. Rde6 b5 37. g4 g6 38. f5 gxf5 39. gxf5 c5 1-0

[Event "Guernsey Open 2012"]
[Site "?"]
[Date "2012.10.26"]
[Round "6"]
[White "Goris, Ton"]
[Black "Hawkins, Nick"]
[Result "1/2-1/2"]
[WhiteElo "2029"]
[BlackElo "2001"]
[PlyCount "90"]
[EventDate "2012.10.21"]
[EventType "swiss"]
[SourceDate "2012.10.30"]

1. e4 e5 2. Nf3 Nc6 3. Bc4 Nf6 4. Ng5 d5 5. exd5 Na5 6. Bb5+ c6 7. dxc6 bxc6 8.
Qf3 Rb8 9. Bxc6+ Nxc6 10. Qxc6+ Bd7 11. Qf3 Be7 12. Nc3 O-O 13. d3 Ng4 14. h3
Bxg5 15. hxg4 Bxc1 16. Rxc1 Rxb2 17. O-O Qg5 18. Rfe1 Rc8 19. Ne4 Qg6 20. Qe3
Rxa2 21. f3 Ra5 22. c4 Bc6 23. Ng3 Rd8 24. Nf5 Qf6 25. c5 h5 26. Qxe5 Qxe5 27.
Rxe5 Ba8 28. d4 hxg4 29. fxg4 Ra2 30. c6 Bxc6 31. Rxc6 g6 32. Ne7+ Kg7 33. d5
a5 34. Ra6 Rb8 35. Re3 Rbb2 36. Kh2 Rxg2+ 37. Kh3 Kh6 38. g5+ Rxg5 39. Ng8+ Kg7
40. Ne7 Ra1 41. Rg3 Rh5+ 42. Kg2 Ra2+ 43. Kf3 Ra3+ 44. Kg2 Ra2+ 45. Kf3 Ra3+
1/2-1/2

[Event "Guernsey Open 2012"]
[Site "?"]
[Date "2012.10.26"]
[Round "6"]
[White "Lehmann, Stefan"]
[Black "Burton, Ronnie"]
[Result "1-0"]
[WhiteElo "1992"]
[BlackElo "2013"]
[PlyCount "49"]
[EventDate "2012.10.21"]
[EventType "swiss"]
[SourceDate "2012.10.30"]

1. e4 g6 2. d4 Bg7 3. Bc4 d6 4. Be3 Nc6 5. Qd2 e5 6. Ne2 Nf6 7. f3 O-O 8. d5
Ne7 9. Nbc3 a6 10. O-O-O b5 11. Bb3 Nd7 12. g4 Nc5 13. h4 b4 14. Na4 Nxb3+ 15.
cxb3 a5 16. h5 f5 17. hxg6 hxg6 18. gxf5 gxf5 19. Bh6 Rf6 20. Bxg7 Kxg7 21.
Rdg1+ Kf7 22. Rh7+ Ke8 23. Rgg7 Ba6 24. Qg5 Nxd5 25. Rh8+ 1-0

[Event "Guernsey Open 2012"]
[Site "?"]
[Date "2012.10.26"]
[Round "6"]
[White "Taylor, Robert"]
[Black "Haverkamp, Klaus"]
[Result "1/2-1/2"]
[WhiteElo "1920"]
[BlackElo "2023"]
[PlyCount "81"]
[EventDate "2012.10.21"]
[EventType "swiss"]
[SourceDate "2012.10.30"]

1. d4 Nf6 2. Nf3 d5 3. g3 e6 4. Bg2 Bd6 5. O-O O-O 6. b3 Nbd7 7. Bb2 c6 8. Nbd2
Qc7 9. c4 Re8 10. Qc2 b6 11. Rac1 Bb7 12. Ne1 Rac8 13. Nd3 Qb8 14. Qd1 e5 15.
cxd5 cxd5 16. Rxc8 Qxc8 17. dxe5 Nxe5 18. Nxe5 Bxe5 19. Bxe5 Rxe5 20. Nf3 Re7
21. Nd4 Ne4 22. e3 g6 23. Qc1 Rc7 24. Qa3 Ba6 25. Re1 Rc5 26. Qb2 Rc3 27. b4
Bd3 28. b5 Qc4 29. h4 h5 30. Bf3 Kf8 31. Rd1 Ke8 32. Be2 Nc5 33. Bf3 Be4 34.
Bxe4 Nxe4 35. Ne2 Rc2 36. Qe5+ Kf8 37. Qh8+ Ke7 38. Nf4 Rd2 39. Qe5+ Kf8 40.
Qh8+ Ke7 41. Qe5+ 1/2-1/2

[Event "Guernsey Open 2012"]
[Site "?"]
[Date "2012.10.26"]
[Round "6"]
[White "Bullen, Alex"]
[Black "Taylor, Mark V"]
[Result "1-0"]
[WhiteElo "1821"]
[BlackElo "2098"]
[PlyCount "49"]
[EventDate "2012.10.21"]
[EventType "swiss"]
[SourceDate "2012.10.30"]

1. e4 e6 2. d4 d5 3. Nc3 Bb4 4. e5 c5 5. Bd2 Nc6 6. Nb5 Bxd2+ 7. Qxd2 cxd4 8.
f4 Nh6 9. Nf3 O-O 10. Nbxd4 f6 11. exf6 Qxf6 12. g3 Nf7 13. O-O-O Bd7 14. Kb1
Rad8 15. Bg2 Rfe8 16. Rhe1 e5 17. fxe5 Nfxe5 18. Nxe5 Rxe5 19. Rxe5 Qxe5 20.
Nf3 Qf6 21. Ng5 Ne5 22. Qxd5+ Kh8 23. Qxe5 Be6 24. Rxd8+ Qxd8 25. b3 1-0

[Event "Guernsey Open 2012"]
[Site "?"]
[Date "2012.10.26"]
[Round "6"]
[White "Collier, David O"]
[Black "De Kruif, Kees"]
[Result "1-0"]
[WhiteElo "2098"]
[BlackElo "1956"]
[PlyCount "79"]
[EventDate "2012.10.21"]
[EventType "swiss"]
[SourceDate "2012.10.30"]

1. e4 c5 2. Nf3 d6 3. d4 cxd4 4. Nxd4 Nf6 5. Nc3 a6 6. g3 Bg4 7. f3 Bd7 8. Be3
g6 9. Qd2 Bg7 10. Qf2 O-O 11. g4 b5 12. g5 Nh5 13. Nde2 Nc6 14. O-O-O b4 15.
Nd5 Qa5 16. Kb1 Be6 17. Bb6 Qa4 18. Nc1 Rab8 19. Nc7 Rb7 20. Nxe6 fxe6 21. Bc4
d5 22. exd5 Ne5 23. Bb3 Qb5 24. Bd4 Nxf3 25. Bxg7 Nxg7 26. dxe6 Nxg5 27. Qe3
Nf3 28. Bd5 Rc7 29. Bxf3 Qc4 30. Be4 a5 31. Qd3 Qc5 32. Rhf1 Nf5 33. Nb3 Qe5
34. Bxf5 gxf5 35. Qg3+ Qxg3 36. hxg3 Kg7 37. Rd7 Rxd7 38. exd7 Kg6 39. Nxa5 Rd8
40. Rd1 1-0

[Event "Guernsey Open 2012"]
[Site "?"]
[Date "2012.10.26"]
[Round "6"]
[White "Casiot, David"]
[Black "Fassaert, Desire JM"]
[Result "1/2-1/2"]
[WhiteElo "2046"]
[BlackElo "1939"]
[PlyCount "122"]
[EventDate "2012.10.21"]
[EventType "swiss"]
[SourceDate "2012.10.30"]

1. e4 c6 2. d4 d5 3. e5 Bf5 4. Ne2 e6 5. Ng3 Bg6 6. Be2 Ne7 7. O-O Nf5 8. c3 c5
9. Nd2 cxd4 10. Nxf5 Bxf5 11. cxd4 Nc6 12. Nf3 Be7 13. Bd2 O-O 14. Qb3 Qd7 15.
a3 Rac8 16. Rac1 Be4 17. Bc3 a6 18. Nd2 Bg6 19. f4 f6 20. Nf3 fxe5 21. Nxe5
Nxe5 22. fxe5 Bg5 23. Rce1 Rxf1+ 24. Bxf1 Qf7 25. Qd1 Be4 26. Bd3 Bxd3 27. Qxd3
{(=)} Rf8 28. Qe2 Qf4 29. g3 Qf3 30. Qxf3 Rxf3 31. Kg2 Rf7 32. Bb4 Rc7 33. Bc3
b6 34. Kh3 Kf7 35. Rf1+ Ke8 36. Kg4 Bd8 37. h4 Rf7 38. Rxf7 Kxf7 39. Bb4 {(=)}
g6 40. h5 a5 41. Bd6 a4 42. Bb4 b5 43. Bc5 Ba5 44. Bb4 Bb6 45. Bc3 Kg7 46. Kg5
h6+ 47. Kg4 Kh7 48. hxg6+ Kxg6 49. Kf3 h5 50. Kf4 Ba7 51. g4 hxg4 52. Kxg4 Bb6
53. Kf4 Kh5 54. Ke3 Kg4 55. Bb4 Bd8 56. Kd3 Kf3 57. Bd2 Bh4 58. Bc3 Bg5 59. Bb4
Bc1 60. Kc2 Be3 61. Kd3 Bc1 1/2-1/2

[Event "Guernsey Open 2012"]
[Site "?"]
[Date "2012.10.26"]
[Round "6"]
[White "Brookfield, Toby"]
[Black "Nebel, Uwe"]
[Result "1-0"]
[WhiteElo "1824"]
[BlackElo "2015"]
[PlyCount "77"]
[EventDate "2012.10.21"]
[EventType "swiss"]
[SourceDate "2012.10.30"]

1. e4 d5 2. exd5 Qxd5 3. Nc3 Qa5 4. b4 Qxb4 5. Rb1 Qd6 6. d4 c6 7. Nf3 Nf6 8.
Bd3 e6 9. O-O b6 10. Bg5 Ba6 11. Re1 Bxd3 12. Qxd3 Be7 13. Bxf6 gxf6 14. Ne4
Qf4 15. c4 O-O 16. Ng3 f5 17. Nxf5 Bf6 18. Ng3 Nd7 19. Re4 Qh6 20. Rbe1 Rad8
21. Rg4+ Kh8 22. Qe4 c5 23. d5 exd5 24. cxd5 Bg7 25. Nf5 Nf6 26. Qb1 Nxg4 27.
Nxh6 Bxh6 28. h3 Nf6 29. Qf5 Nxd5 30. Re4 Bg7 31. Ng5 Nf6 32. Rh4 Rd5 33. Qf4
Rd4 34. Qg3 Rd1+ 35. Kh2 Re8 36. Nxf7+ Kg8 37. Qb3 Rd5 38. Nd6 Ree5 39. Nc4 1-0

[Event "Guernsey Open 2012"]
[Site "?"]
[Date "2012.10.26"]
[Round "6"]
[White "Canonne, Antoine"]
[Black "Ippel, Cornelius J"]
[Result "1-0"]
[WhiteElo "2014"]
[BlackElo "1935"]
[PlyCount "57"]
[EventDate "2012.10.21"]
[EventType "swiss"]
[SourceDate "2012.10.30"]

1. e4 e6 2. d4 d5 3. Nd2 dxe4 4. Nxe4 Be7 5. Nf3 Nf6 6. Nxf6+ Bxf6 7. c3 O-O 8.
Be2 b6 9. O-O Bb7 10. Be3 Nd7 11. Qc2 Re8 12. Rad1 Qe7 13. Rfe1 Rad8 14. Bf4 e5
15. dxe5 Nxe5 16. Nxe5 Bxe5 17. Bd3 f6 18. Bxh7+ Kh8 19. Bg6 Bf3 20. gxf3 Rxd1
21. Qxd1 Rd8 22. Qa4 b5 23. Qxb5 Qd6 24. Bxe5 fxe5 25. Bb1 Qf6 26. Qc4 g6 27.
Qg4 Kg7 28. Kh1 Rd2 29. Rg1 1-0

[Event "Guernsey Open 2012"]
[Site "?"]
[Date "2012.10.26"]
[Round "6"]
[White "Oehne, Timo"]
[Black "Campbell, Ian"]
[Result "1/2-1/2"]
[WhiteElo "1926"]
[BlackElo "2000"]
[PlyCount "72"]
[EventDate "2012.10.21"]
[EventType "swiss"]
[SourceDate "2012.10.30"]

1. e4 g6 2. d4 Bg7 3. Nc3 d6 4. Be3 a6 5. Qd2 Nd7 6. Bc4 h6 7. a4 b6 8. f3 e6
9. Nge2 Qh4+ 10. g3 Qe7 11. O-O-O Bb7 12. Qd3 Ngf6 13. Rhf1 O-O 14. Qd2 Kh7 15.
f4 Nxe4 16. Nxe4 Bxe4 17. g4 b5 18. Bd3 d5 19. Bxe4 dxe4 20. f5 exf5 21. gxf5
Nf6 22. d5 Rad8 23. fxg6+ fxg6 24. Nf4 Nxd5 25. Nxd5 Rxf1 26. Nxe7 Rxd1+ 27.
Qxd1 Bxb2+ 28. Kxb2 Rxd1 29. a5 g5 30. Nc6 Rd6 31. Nd4 Kg6 32. Kc3 h5 33. Kb4
Kf6 34. Kc5 Ke5 35. c3 Rg6 36. Nc6+ Ke6 1/2-1/2

[Event "Guernsey Open 2012"]
[Site "?"]
[Date "2012.10.26"]
[Round "6"]
[White "Kirby, Peter"]
[Black "Hickman, John"]
[Result "1/2-1/2"]
[WhiteElo "1999"]
[BlackElo "1918"]
[PlyCount "54"]
[EventDate "2012.10.21"]
[EventType "swiss"]
[SourceDate "2012.10.30"]

1. c4 e5 2. g3 d6 3. Bg2 Nf6 4. Nc3 g6 5. d3 Bg7 6. e4 O-O 7. Nge2 c6 8. O-O
Be6 9. b3 Qd7 10. Re1 Na6 11. d4 exd4 12. Nxd4 Bh3 13. Bh1 Rfe8 14. Bf4 Rad8
15. Qd2 Nc5 16. Rad1 Ne6 17. Nxe6 Rxe6 18. f3 d5 19. e5 Nh5 20. cxd5 Nxf4 21.
Qxf4 cxd5 22. Rxd5 Qc7 23. Rxd8+ Qxd8 24. Bg2 Qb6+ 25. Kf1 Qa6+ 26. Kg1 Qb6+
27. Kf1 Qa6+ 1/2-1/2

[Event "Guernsey Open 2012"]
[Site "?"]
[Date "2012.10.26"]
[Round "6"]
[White "Cummins, John"]
[Black "Fathallah, Joe"]
[Result "0-1"]
[WhiteElo "1844"]
[BlackElo "1986"]
[PlyCount "88"]
[EventDate "2012.10.21"]
[EventType "swiss"]
[SourceDate "2012.10.30"]

1. e4 e6 2. e5 d5 3. exd6 cxd6 4. d4 Nf6 5. Nf3 Nc6 6. Be2 Be7 7. c3 O-O 8. O-O
b6 9. Re1 Bb7 10. Bg5 Rc8 11. Nbd2 Nd5 12. Bxe7 Ncxe7 13. Bf1 Ng6 14. g3 Qd7
15. Bg2 Nf6 16. Re2 h5 17. h4 Ng4 18. Ne4 Rce8 19. Qc2 Bc6 20. Rae1 Nf6 21.
Nfg5 Nxe4 22. Bxe4 Bxe4 23. Qxe4 e5 24. d5 Qg4 25. Qxg4 {(=)} hxg4 26. Ne4 Rd8
27. Ng5 Rc8 28. Re4 f5 29. R4e2 Rc4 30. Rc2 Rfc8 31. Rec1 Ne7 32. b3 R4c5 33.
c4 Nxd5 34. Ne6 R5c6 35. a4 Nb4 36. Rd2 d5 37. Ng5 d4 38. Kg2 d3 39. Rc3 e4 40.
Kf1 a6 41. Ke1 b5 42. Rd1 Na2 43. axb5 axb5 44. Kd2 Nxc3 0-1

[Event "Guernsey Open 2012"]
[Site "?"]
[Date "2012.10.26"]
[Round "6"]
[White "Hermes, Geoff"]
[Black "Slade, Theodore"]
[Result "1/2-1/2"]
[WhiteElo "1979"]
[BlackElo "1716"]
[PlyCount "30"]
[EventDate "2012.10.21"]
[EventType "swiss"]
[SourceDate "2012.10.30"]

1. e4 e6 2. d4 d5 3. e5 c5 4. c3 Nc6 5. Nf3 Bd7 6. a3 f6 7. Bd3 Qc7 8. Qe2 cxd4
9. exf6 Nxf6 10. O-O dxc3 11. Nxc3 Bc5 12. Nb5 Qb8 13. Ng5 e5 14. Qc2 Be7 15.
Bg6+ Kf8 1/2-1/2

[Event "Guernsey Open 2012"]
[Site "?"]
[Date "2012.10.26"]
[Round "6"]
[White "Vonhoff, Nils"]
[Black "Westerkamp, Bert"]
[Result "0-1"]
[WhiteElo "1777"]
[BlackElo "2059"]
[PlyCount "88"]
[EventDate "2012.10.21"]
[EventType "swiss"]
[SourceDate "2012.10.30"]

1. e4 d5 2. exd5 Qxd5 3. Nf3 Nf6 4. Nc3 Qd8 5. Bc4 Bf5 6. d3 e6 7. O-O Be7 8.
Be3 c6 9. a4 Nbd7 10. Qd2 Nb6 11. Bb3 Bb4 12. Bxb6 Qxb6 13. Qg5 Bxc3 14. bxc3
O-O 15. Qe3 Nd5 16. Qxb6 axb6 17. Bxd5 exd5 18. Rab1 Rxa4 19. Rxb6 Bc8 20. Nd4
Ra2 21. Rc1 Re8 22. Kf1 Re7 23. h3 Kf8 24. Rbb1 g6 25. f4 Ra3 26. Rb3 Ra2 27.
Rbb1 f6 28. Kf2 Kf7 29. Ra1 Rb2 30. Rcb1 Rxb1 31. Rxb1 h5 32. Nf3 Bf5 33. Nd4
Bc8 34. Rb6 Ke8 35. Nf3 Kd8 36. Rb4 Kc7 37. Ra4 Rg7 38. c4 dxc4 39. Rxc4 Re7
40. Ra4 c5 41. Ra1 Bd7 42. Rb1 Ba4 43. Rb2 Bc6 44. Nd2 Bxg2 0-1

[Event "Guernsey Open 2012"]
[Site "?"]
[Date "2012.10.26"]
[Round "6"]
[White "Bolt, Graham"]
[Black "Gravett, Alan D"]
[Result "1-0"]
[WhiteElo "2063"]
[BlackElo "1921"]
[PlyCount "51"]
[EventDate "2012.10.21"]
[EventType "swiss"]
[SourceDate "2012.10.30"]

1. g3 g6 2. Bg2 Bg7 3. d3 d5 4. Nc3 c6 5. f4 Nf6 6. Nf3 Qb6 7. e3 Ng4 8. d4 O-O
9. O-O a5 10. b3 Nd7 11. h3 Ngf6 12. Bd2 c5 13. Kh2 cxd4 14. exd4 e6 15. Qe1
Qc7 16. Rc1 b6 17. Nb5 Qb8 18. c4 Bb7 19. f5 Nh5 20. fxe6 Ndf6 21. exf7+ Rxf7
22. Ng5 Rf8 23. Qe6+ Kh8 24. Nd6 h6 25. Ndf7+ Kg8 26. Ne5+ 1-0

[Event "Guernsey Open 2012"]
[Site "?"]
[Date "2012.10.26"]
[Round "6"]
[White "Goris Schouwstra, Adry"]
[Black "Angermuende, Dirk"]
[Result "1/2-1/2"]
[WhiteElo "1929"]
[BlackElo "2033"]
[PlyCount "59"]
[EventDate "2012.10.21"]
[EventType "swiss"]
[SourceDate "2012.10.30"]

1. d4 e6 2. Nf3 Nf6 3. e3 b6 4. Be2 Bb7 5. O-O Be7 6. c4 O-O 7. Nc3 d5 8. cxd5
exd5 9. a3 Nbd7 10. b4 Ne4 11. Bb2 Nxc3 12. Bxc3 Bd6 13. b5 Qe7 14. Qb3 Nf6 15.
Rfb1 a5 16. a4 Bc8 17. Qd1 Ne4 18. Be1 Bg4 19. Rc1 Qf6 20. Rc6 Qh6 21. Ne5 Bd7
22. Rc2 f6 23. Nf3 Ng5 24. g3 Bf5 25. Rc6 Nh3+ 26. Kg2 Be4 27. Bd3 Ng5 28. Bxe4
Qh3+ 29. Kg1 Nxe4 30. Qe2 1/2-1/2

[Event "Guernsey Open 2012"]
[Site "?"]
[Date "2012.10.26"]
[Round "6"]
[White "Von Saldern, Rudiger"]
[Black "Roberts, Malcolm A"]
[Result "1/2-1/2"]
[WhiteElo "1999"]
[BlackElo "1866"]
[PlyCount "79"]
[EventDate "2012.10.21"]
[EventType "swiss"]
[SourceDate "2012.10.30"]

1. d4 d5 2. c4 c6 3. Nc3 Nf6 4. Bg5 h6 5. Bh4 Nbd7 6. e3 e6 7. Nf3 Be7 8. Bd3
O-O 9. O-O dxc4 10. Bxc4 Nd5 11. Bxe7 Qxe7 12. Rc1 b5 13. Nxd5 exd5 14. Be2 Bb7
15. Nd2 Rac8 16. Nb3 a6 17. Nc5 Nxc5 18. Rxc5 Rc7 19. Qd2 Qd6 20. Rfc1 f5 21.
g3 g5 22. Bf3 Rg7 23. Kh1 f4 24. Bg2 fxg3 25. hxg3 Rgf7 26. Rf1 Qg6 27. Kg1 h5
28. e4 h4 29. g4 Rf4 30. exd5 cxd5 31. Qd1 Qf6 32. Bxd5+ Bxd5 33. Rxd5 Rxf2 34.
Rxg5+ Qxg5 35. Rxf2 Rxf2 36. Kxf2 Qf4+ 37. Kg2 Qg3+ 38. Kh1 Qh3+ 39. Kg1 Qg3+
40. Kh1 1/2-1/2

[Event "Guernsey Open 2012"]
[Site "?"]
[Date "2012.10.26"]
[Round "6"]
[White "Rowe, Peter"]
[Black "Murray, Steve"]
[Result "1-0"]
[WhiteElo "1986"]
[BlackElo "1858"]
[PlyCount "55"]
[EventDate "2012.10.21"]
[EventType "swiss"]
[SourceDate "2012.10.30"]

1. d4 Nf6 2. Nf3 e6 3. Bf4 c5 4. e3 b6 5. Bd3 Bb7 6. c3 Be7 7. h3 d6 8. O-O O-O
9. Qe2 Nbd7 10. e4 Re8 11. Bh2 Bf8 12. Nbd2 cxd4 13. cxd4 e5 14. dxe5 Nxe5 15.
Nxe5 dxe5 16. Rfd1 Rc8 17. Bb5 Re7 18. Nc4 Qc7 19. Nd6 Rd8 20. Nxb7 Rxd1+ 21.
Rxd1 Qxb7 22. f3 Qc7 23. b4 g6 24. Qd2 h6 25. Rc1 Qb7 26. Qd8 Kg7 27. Rc8 Nh7
28. Rb8 1-0

[Event "Guernsey Open 2012"]
[Site "?"]
[Date "2012.10.26"]
[Round "6"]
[White "Glover, John"]
[Black "Waters, Andrew C"]
[Result "0-1"]
[WhiteElo "1832"]
[BlackElo "1938"]
[PlyCount "96"]
[EventDate "2012.10.21"]
[EventType "swiss"]
[SourceDate "2012.10.30"]

1. Nf3 f5 2. g3 Nf6 3. c4 g6 4. Bg2 Bg7 5. d4 O-O 6. O-O d6 7. b3 c6 8. Bb2 Na6
9. Nc3 Be6 10. Ng5 Bf7 11. Nxf7 Rxf7 12. d5 Rc8 13. Rc1 Qe8 14. e3 Qd7 15. Ne2
e5 16. dxe6 Qxe6 17. Nf4 Qd7 18. Rc2 Nc5 19. Qe2 Ne6 20. Nxe6 Qxe6 21. Rd1 Rd7
22. Rcd2 Rcd8 23. Rd3 h6 24. Qd2 Ne4 25. Qc2 Nc5 26. R3d2 Be5 27. Bd4 a5 28.
Qb2 Kf7 29. Qa3 Bxd4 30. Rxd4 a4 31. b4 Ne4 32. Bxe4 fxe4 33. Qxa4 h5 34. Qc2
Re7 35. a4 h4 36. Qe2 h3 37. f3 exf3 38. Qxf3+ Kg7 39. Re1 Rf8 40. Rf4 Ref7 41.
Qe2 g5 42. Rxf7+ Rxf7 43. Qb2+ Kh7 44. Qd4 Qf5 45. Qd2 Qe4 46. Qe2 Rf3 47. a5
g4 48. b5 Rxe3 0-1

[Event "Guernsey Open 2012"]
[Site "?"]
[Date "2012.10.26"]
[Round "6"]
[White "Kirk, Matthew"]
[Black "Staniforth, Matthew"]
[Result "0-1"]
[WhiteElo "1719"]
[BlackElo "1999"]
[PlyCount "48"]
[EventDate "2012.10.21"]
[EventType "swiss"]
[SourceDate "2012.10.30"]

1. d4 Nf6 2. c4 e6 3. Nf3 d5 4. Bf4 dxc4 5. e3 b5 6. Be2 Bd6 7. Bg5 Bb7 8. O-O
Nbd7 9. Nc3 c6 10. a4 a6 11. e4 Be7 12. Bxf6 Nxf6 13. e5 Nd5 14. Ne4 Qc7 15.
Qd2 Rd8 16. Rfc1 h6 17. axb5 cxb5 18. b3 Bb4 19. Qc2 c3 20. Ne1 Nf4 21. Nxc3
Qxc3 22. Bxb5+ axb5 23. Qd1 Qxd4 24. Qg4 O-O 0-1

[Event "Guernsey Open 2012"]
[Site "?"]
[Date "2012.10.26"]
[Round "6"]
[White "Dennis, Nigel W"]
[Black "Biswas, Karl"]
[Result "1/2-1/2"]
[WhiteElo "1915"]
[BlackElo "1858"]
[PlyCount "102"]
[EventDate "2012.10.21"]
[EventType "swiss"]
[SourceDate "2012.10.30"]

1. e4 e6 2. d4 d5 3. Nc3 Bb4 4. e5 c5 5. a3 Bxc3+ 6. bxc3 Nc6 7. f4 Nge7 8. Nf3
Nf5 9. Be2 h5 10. Rb1 Qa5 11. O-O Qa4 12. Kh1 a6 13. dxc5 Qa5 14. Nd4 g6 15.
Nxf5 gxf5 16. Rf3 Qc7 17. Rh3 h4 18. g3 Bd7 19. Qf1 Ke7 20. Rxh4 Rxh4 21. gxh4
Rh8 22. h5 Na5 23. Qh3 Qxc5 24. Be3 Qxc3 25. Qh4+ Ke8 26. Bb6 Nc6 27. Rg1 Qxc2
28. Qf2 Qe4+ 29. Qf3 Qxf3+ 30. Bxf3 Ne7 31. Bf2 Bc6 32. Rb1 d4 33. Bxc6+ Nxc6
34. Rxb7 Rxh5 35. Rc7 Ne7 36. Bxd4 Rh3 37. Bc5 Nd5 38. Ra7 Rc3 39. Bd6 Nxf4 40.
h4 Rc1+ 41. Kh2 Rc2+ 42. Kg3 Ne2+ 43. Kf3 Nd4+ 44. Kf4 Nb5 45. Ra8+ Kd7 46.
Rxa6 Nxd6 47. Rxd6+ Ke7 48. Rd4 Rh2 49. Kg3 Re2 50. Kf4 Rh2 51. Kg3 Re2 1/2-1/2

[Event "Guernsey Open 2012"]
[Site "?"]
[Date "2012.10.26"]
[Round "6"]
[White "Kearsley, Raymond J"]
[Black "Downey, Keith"]
[Result "0-1"]
[WhiteElo "1789"]
[BlackElo "1957"]
[PlyCount "50"]
[EventDate "2012.10.21"]
[EventType "swiss"]
[SourceDate "2012.10.30"]

1. e4 c5 2. Nf3 e6 3. d3 Nc6 4. Nbd2 g6 5. g3 Bg7 6. Bg2 d6 7. O-O Nge7 8. Qe2
O-O 9. c3 Rb8 10. a4 a6 11. Nh4 b5 12. axb5 axb5 13. f4 f5 14. exf5 exf5 15.
Nhf3 h6 16. c4 b4 17. Rd1 Re8 18. Qf2 Nd4 19. Rb1 Bb7 20. Kh1 Nec6 21. Nxd4
Nxd4 22. Bxb7 Rxb7 23. Nf3 Re2 24. Qf1 Rbe7 25. Bd2 Qa8 0-1

[Event "Guernsey Open 2012"]
[Site "?"]
[Date "2012.10.27"]
[Round "7"]
[White "Norman, Kenneth I"]
[Black "Narciso, Marc"]
[Result "0-1"]
[WhiteElo "2190"]
[BlackElo "2535"]
[PlyCount "122"]
[EventDate "2012.10.21"]
[EventType "swiss"]
[SourceDate "2012.10.30"]

1. Nf3 d6 2. g3 e5 3. Bg2 c5 4. d3 Nc6 5. c4 g6 6. Nc3 Bg7 7. O-O Nge7 8. Rb1
O-O 9. a3 a5 10. Ne1 Be6 11. Nd5 Rb8 12. Nc2 b5 13. Nxe7+ Nxe7 14. cxb5 Bb3 15.
Bg5 f6 16. Bd2 Rxb5 17. Qc1 a4 18. Na1 Be6 19. Qc2 Qb8 20. Qxa4 Rxb2 21. Qd1
Rc8 22. Qc1 Rxb1 23. Qxb1 Qa7 24. Nc2 d5 25. Qa2 Kf7 26. Ne3 Qd7 27. a4 f5 28.
Rc1 e4 29. Qa3 Bf8 30. Qa1 Nc6 31. Nc2 Kg8 32. Kf1 Ra8 33. a5 Bg7 34. Qa4 Nxa5
35. Qxd7 Bxd7 36. Rb1 c4 37. dxe4 Nb3 38. Be1 fxe4 39. f3 exf3 40. Bxf3 Be6 41.
Rd1 Rf8 42. Kg2 d4 43. Bf2 c3 44. g4 Rd8 45. h3 Nd2 46. Bc6 Rd6 47. Bb5 Bd5+
48. Kg1 Be4 49. Ne1 Bh6 50. Bd3 Bxd3 51. exd3 Bg7 52. Ra1 h6 53. Ra8+ Kh7 54.
Ra7 g5 55. Nc2 Kg6 56. Kg2 Bf6 57. Ra4 Nb3 58. Rc4 Ra6 59. Nxd4 Nxd4 60. Bxd4
Bxd4 61. Rxd4 Rc6 0-1